Responses for Show #6755 - Friday, January 17, 2014

Sarah McNitt game 4.

Contestants

[<< previous game]

Geoff Norcross, a public radio host from Portland, Oregon

Jen Aprahamian, a computer science teacher from Los Angeles, California

Sarah McNitt, a study-abroad advisor originally from Ann Arbor, Michigan (whose 3-day cash winnings total $46,000)

[next game >>]

Jeopardy! Round responses

THE REALLY OLD COLLEGE TRY
IT BORDERS TENNESSEE
3-LETTER WORDS
NONFICTION
LIQUIDS
SPORTS SIBLINGS
    $200 5
Harvard

Geoff
    $200 13
Kentucky

Jen
    $200 1
opt

Geoff
    $200 19
astronauts' wives

Triple Stumper
    $200 26
mercury

Geoff
    $200 6
Gasol

Geoff
    $400 8
Cambridge

Geoff
    $400 17
Virginia

Sarah
    $400 2
a bib

Geoff
    $400 20
Downton Abbey

Sarah
    $400 27
olive oil

Geoff
    $400 7
Harbaugh

Sarah
    $600 12
Paris

Geoff
    $600 18
Missouri

Geoff
    $600 3
(Sarah: What is ask?)

pry

SarahJen
    $600 21
(Geoff: What is the NSA?)
(Alex: No. [Chuckles])
...
(Alex: You were putting rivals within our country instead of out there.)

KGB

JenGeoff
    $600 28
blood

Geoff
    $600 9
(Geoff: What is Andretti?)

Schumacher

Geoff
Triple Stumper
    $800 15
Vienna

Sarah
    $800 24
Alabama

Geoff
    $800 4
lax

Sarah
    $1,400 22
"The Bling Ring"

Jen
    $800 29
latex

Jen
    $800 10
Klitschko

Triple Stumper
    $1000 16
Padua

Sarah
    $1000 25
Mississippi

Geoff
    $1000 14
a fop

Geoff
    $1000 23
the Wallendas

Sarah
    $1000 30
glycerin

Triple Stumper
    $1000 11
Richard

Sarah

Scores at the first commercial break (after clue 15):

Sarah Jen Geoff
$2,400 $800 $2,400

Scores at the end of the Jeopardy! Round:

Sarah Jen Geoff
$5,200 $3,600 $5,400

Double Jeopardy! Round responses

THE MAYO CLINIC SAYS...
BATTLE NATIONS
SPECIAL 2 Ks
MARKS
ANGELS
GUYS, CAPITALISM WORKS!
    $400 7
Alzheimer's

Sarah
    $400 1
Greece

Geoff
    $400 8
a sidekick

Geoff
    $400 17
Zuckerberg

Jen
    $400 23
Joseph

Geoff
    $400 2
(Mitt) Romney

Geoff
    $800 9
epilepsy

Sarah
    $800 22
Gallipoli

Sarah
    $800 10
(Jen: What is a double-decker?)

jackknife

JenGeoff
    $800 18
(Mark) Cuban

Geoff
    $800 24
(Billy) Graham

Geoff
    $800 3
Ayn Rand

Geoff
    $1200 11
bad breath

Geoff
    $1200 28
(Alex: That's the country.)

Belgium

Sarah
    $1200 14
clockwork

Geoff
    $1200 19
Mark Hamill

Sarah
    $1200 25
Tess

Geoff
    $1200 4
the London School of Economics

Geoff
    $2,500 12
mono (mononucleosis)

Geoff
    $1600 29
Mexico

Geoff
    $1600 15
(Geoff: What is Rickenbacker?)

the Fokkers

Geoff
Triple Stumper
    $1600 20
Devo

Sarah
    $3,000 26
(Alex: Yes, you picked the right one. You had some choices there.)

Nazareth

Geoff
    $1600 5
(Jen: What is The Economist?)

Forbes

Jen
Triple Stumper
    $2000 13
Bell's palsy

Sarah
    $2000 30
the Battle of Agincourt (or Azincourt)

Triple Stumper
    $2000 16
(Alex: It's called [*].)

a chukker

Triple Stumper
    $2000 21
Kelly Ripa

Geoff
    $2000 27
(Alex: And the lawyer was [*].)

Roy Cohn

Triple Stumper
    $2000 6
Friedman

Geoff

Scores at the end of the Double Jeopardy! Round:

Sarah Jen Geoff
$13,200 $1,600 $24,500

[wagering suggestions for these scores]

Final Jeopardy! Round responses

AMERICAN THEATER
JenWhat is Death of a Salesman?
$1,599
SarahWhat is Death of a Salesman?
$9,999
GeoffWhat is Maltese Falcon?
$2,500
Death of a Salesman

Final scores:

Sarah Jen Geoff
$23,199 $3,199 $22,000
4-day champion: $69,199 3rd place: $1,000 2nd place: $2,000

Game dynamics:

Coryat scores:

Sarah Jen Geoff
$13,200 $1,000 $22,200
15 R,
1 W
6 R
(including 1 DD),
2 W
30 R
(including 2 DDs),
3 W

Combined Coryat: $36,400

[game clues] [game scores] [suggest correction]

Game tape date: 2013-11-06
The J! Archive is created by fans, for fans. Scraping, republication, monetization, and malicious use prohibited; this site may use cookies and collect identifying information. See terms. The Jeopardy! game show and all elements thereof, including but not limited to copyright and trademark thereto, are the property of Jeopardy Productions, Inc. and are protected under law. This website is not affiliated with, sponsored by, or operated by Jeopardy Productions, Inc. Join the discussion at JBoard.tv.